Città dell'Emilia Romagna - Morte improvvisa - Statistics

Statistiche generali
  • Questo quiz è stato fatto 4.347 volte
  • Il punteggio medio è 14 su 22
Answers on the Grid
Answers color-coded by a green-red scale on the quiz's grid according to % correct below.
Bologna
Parma
Piacenza
Reggio Emilia
Modena
Ravenna
Ferrara
Forlì
Cesena
Rimini
Carpi
Imola
Sassuolo
Riccione
Correggio
Cento
Faenza
Cervia
Fidenza
Salsomaggiore Terme
Comacchio
Busseto
Capri
Fondi
Vicenza
Reggio Calabria
Como
Firenze
Sassari
Fermo
Busto Arsizio
Modica
Fluminimaggiore
Imperia
Cernobbio
Corridonia
Enna
Adria
Millesimo
Ariccia
 
Statistiche sulle risposte
Risposta % Corretto
Bologna
81%
Reggio Emilia
81%
Rimini
81%
Modena
79%
Parma
79%
Ravenna
79%
Ferrara
78%
Riccione
77%
Forlì
76%
Cesena
74%
Imola
70%
Piacenza
66%
Sassuolo
66%
Faenza
61%
Carpi
54%
Cervia
51%
Fidenza
49%
Comacchio
45%
Correggio
38%
Salsomaggiore Terme
36%
Cento
34%
Busseto
23%
Nessun quiz corrispondente trovato
Distribuzione punteggi
Percentuale di utenti per punteggio
Percentile per numero di risposta
I tuoi punteggi nel tempo
Non hai fatto questo quiz